| 000 | 00671nam a22002057a 4500 | ||
|---|---|---|---|
| 003 | FEu | ||
| 005 | 20140310182810.0 | ||
| 008 | 130218t xxu||||| |||| 00| 0 eng d | ||
| 020 | _a9710856545 | ||
| 050 |
_aPL5531 _b.M189 1994 |
||
| 082 |
_aF899.211 _b.P19 1994 |
||
| 245 |
_aPanitikang kayumanggi _bpangkolehiyo, teksto sa panitikang Pilipino inihanda ng mga dalubguro sa Kagawaran ng Filipino, Politeknikong Unibersidad ng Pilipinas _cMag-atas, Rosario U. |
||
| 260 |
_aManila : _bNational Book Store, _c1994 |
||
| 300 |
_a389 p. _c22.2 cm. |
||
| 521 | _acollege students | ||
| 526 | _c1210L-1700L | ||
| 541 | _j1 | ||
| 562 | _e1 | ||
| 942 |
_2lcc _cBK _kNUR |
||
| 999 |
_c16158 _d16158 |
||